La Mythologie Egyptienne #3 (Difficile) - Statistiques

Statistiques générales
  • Ce quiz a été pris 28 fois
  • Le résultat moyen est 3 sur 10
Statistiques - réponses
Hint Réponse % Correct
Quelle déesse à tête de vache est associée à l’amour, la musique et la fertilité ? Hathor
94%
uelle déesse est représentée avec une plume d’autruche sur la tête, symbole de justice ? Maât
83%
Comment s’appelle le dieu nain difforme, protecteur des foyers, de la danse et des accouchements ? Bès
39%
Comment s’appelle le dieu-bélier associé aux cataractes du Nil et à l’inondation ? Khnoum
33%
Quelle déesse scorpion protégeait les pharaons et les femmes en couches ? Serket
28%
Quel dieu lunaire, souvent représenté comme un jeune homme à la mèche de l’enfance, était vénéré à Thèbes ? Khonsou
17%
Quel dieu chauve à la peau verte représente la création et est vénéré à Memphis ? Ptah
17%
Comment s’appelle la déesse de l’humidité, sœur jumelle de Shou ? Tefnout
17%
Quel dieu à tête de bélier et à quatre visages est lié au soleil créateur ? Herishef
6%
Quel est le nom du lac mythologique où Isis retrouva les morceaux du corps d’Osiris ? Lac de Neserser
0%
Aucun quiz correspondant
Distribution des résultats
% des personnes avec chaque résultat
Percentile par nombre de réponses
Votre historique - résultats
Vous n’avez pas pris ce quiz